Konjunkturní situace v Itálii

Na minha lista:
Detalhes bibliográficos
Formato: Livro
Idioma:tcheco
Publicado em: Praha Výzkumný ústav vnějších ekonomických vztahů 1992
Colecção:Aktuality ke Konjunkturnímu bulletinu
Assuntos:
Tags: Adicionar Tag
Sem tags, seja o primeiro a adicionar uma tag!

MARC

LEADER 00000nam a2200000 4500
001 c003920
005 20250526072658.6
041 0 |a cze 
044 |a CZ 
245 1 0 |a Konjunkturní situace v Itálii 
264 1 |a Praha  |b Výzkumný ústav vnějších ekonomických vztahů  |c 1992 
300 |a 47 s. 
490 1 |a Aktuality ke Konjunkturnímu bulletinu 
830 0 |a Aktuality ke Konjunkturnímu bulletinu 
610 2 0 |a konjunktúra 
610 2 0 |a odvetvia priemyselné 
610 2 0 |a Taliansko 
610 2 0 |a dopyt 
610 2 0 |a ponuka 
610 2 0 |a ukazovatele ekonomické 
610 2 0 |a podnik priemyselný 
610 2 0 |a obchod zahraničný 
610 2 0 |a ČSFR